01073nam a2200205 a 450000100100000000500170001000800410002702000150006804000250008310000320010824501620014026001740030230000280047649000640050450400730056854600330064183000710067495201050074599900170085000003985120201002033753.0130725s2000 sp 000 0 spa d a8400079701 aDO-SdBNPbspacBNPHU1 aTrebizonda, Jorge de96604613aEl diálogo de la fe con el sultán de los turcos /cJorge Ameruzes de Trebisonda ; edición crítica, traducción y estudio por Oscar de la Cruz Palma. aMadrid :bConsejo Superior de Investigaciones Científicas:bUniversidad Autónoma de Barcelona, Departamento de Ciencias de la Antigüedad y de la Edad Media,c2000. aXXIX, 194 p., ;c26 cm.1 aNueva Roma. Biblioteca Graeca et latina Aevi posteriorisv9 aIncluye referencias bibliográficas y notas al pie de las páginas aTexto en latín y español 0aNueva Roma. Biblioteca Graeca et latina Aevi posteriorisv9966044 001050718MOaGRbGRcCTd2013-07-25iLF1l0o p39851-10r2020-06-25w2020-06-25y1ZNo se presta c39341d39341